000 00993nam a22002417a 4500
999 _c550
_d550
003 AR-CdUCM
008 190225b ||||| |||| 00| 0 spa d
040 _aMUNICIPALIDAD PROVINCIAL DEL CUSCO
_cBIBLIOTECA MUNICIPAL DEL CUSCO
082 _a373.1 /
_bSA17P
100 _aSalas Rodríguez, J. Wilbert
_92141
245 _aPrincipios fundamentales de la metodología pedagógica /
260 _aCusco :
_bH.G. Rozas Sucs.,
_c1951.
300 _a190 páginas ;
_c18.5 cm.
500 _aDonación de la familia Nieto.
505 _aContenido: Principios fundamentales de la metodología pedagógica -- Principios biológicos -- Principios psicológicos -- Principios psicológicos de la adolescencia -- Principios sociológicos -- Principios filosóficos.
650 _aMetodología pedagógica
_92142
650 _aPedagogía
_91560
650 _aEducación
_9460
650 _aAprendizaje
_92143
650 _aNIñez-adolescencia
_92144
942 _2ddc
_cLIBROS
945 _alccs
_d2019-02-25